| 000 | 00667nam a2200169 a 4500 | ||
|---|---|---|---|
| 001 | 000046148 | ||
| 005 | 20201002052653.0 | ||
| 008 | 150629s2000 dr 000 0 spa d | ||
| 040 |
_aDO-SdBNP _bspa _cBNPHU |
||
| 082 |
_axxxx _bxxxx |
||
| 100 | 1 |
_aLeyba Polanco, Rodolfo, _d1930- _974197 |
|
| 245 | 1 | 0 |
_aManual diplomático / _cRodolfo Leyba Polanco ; introducción Miguel Antonio Rodríguez Cabrer. |
| 260 |
_aSanto Domingo : _bSecretaría de Estado de Relaciones Exteriores, _c2000. |
||
| 300 |
_a37 p. ; _c21 cm. |
||
| 700 | 1 | 2 |
_aRodríguez Cabrer, Miguel Antonio, _eintrod. _92259 |
| 710 | 2 | 2 |
_aRepública Dominicana. _bSecretaría de Estado de Relaciones Exteriores _92256 |
| 999 |
_c45637 _d45637 |
||